LEADER 01287nam0 22003371i 450 001 SUN0019054 005 20040707120000.0 010 $a88-15-02109-4 100 $a20040707d1989 |0itac50 ba 101 $aita 102 $aIT 105 $a|||| ||||| 200 1 $aCuriose percezioni$fRichard L. Gregory 205 $aBologna : Il mulino$b[1989] 210 $d299 p. : ill. ; 22 cm 215 $aTrad. di Gabriella Farabegoli 454 1$1001SUN0078046$12001 $aOdd perceptions$936829 606 $aPercezione$2FI$3SUNC007720 620 $dBologna$3SUNL000003 676 $a153.7$v21 700 1$aGregory$b, Richard L.$3SUNV014765$0187657 712 $aIl mulino$3SUNV000011$4650 790 1$aGregory, Richard Langton$zGregory, Richard L.$3SUNV060201 790 1$aGregory, R. L.$zGregory, Richard L.$3SUNV060202 790 1$aGregory, R.L.$zGregory, Richard L.$3SUNV060203 801 $aIT$bSOL$c20181109$gRICA 912 $aSUN0019054 950 $aUFFICIO DI BIBLIOTECA DEL DIPARTIMENTO DI PSICOLOGIA$d16 CONS 126 $e16 VS 1564 995 $aUFFICIO DI BIBLIOTECA DEL DIPARTIMENTO DI PSICOLOGIA$bIT-CE0119$gVS$h1564$kCONS 126$oc$qa 996 $aOdd perceptions$936829 997 $aUNICAMPANIA